[Event "Collado Villalba op-B 32nd"]
[Site "Collado Villalba"]
[Date "2015.08.29"]
[Round "8"]
[White "Mkrtchyan, Levon"]
[Black "Lancharro Delgado, Cristina"]
[Result "1-0"]
[WhiteElo "1746"]
[BlackElo "1461"]
[PlyCount "83"]
[EventDate "2015.08.22"]
[EventType "swiss"]
[EventRounds "9"]
[EventCountry "ESP"]
[SourceTitle "EXT 2016"]
[Source "ChessBase"]
[SourceDate "2015.10.08"]
[SourceVersion "1"]
[SourceVersionDate "2015.10.08"]
[SourceQuality "1"]

1. e4 e5 2. Nf3 Nc6 3. Bc4 Nf6 4. d4 exd4 5. e5 d5 6. Bb5 Nd7 7. 0-0 Bc5 8. Bxc6 bxc6 9. Nxd4 Bxd4 10. Qxd4 0-0 11. f4 Qe7 12. b3 Bb7 13. Ba3 c5 14. Qd3 a5 15. Rd1 c6 16. c4 Qe6 17. Nc3 Rfd8 18. Na4 dxc4 19. Qxc4 Qxc4 20. bxc4 Ba6 21. Rac1 Rab8 22. Rd6 Rbc8 23. Rcd1 Bxc4 24. Nb6 Be2 25. Nxc8 Bxd1 26. Rxd1 Rxc8 27. Rxd7 c4 28. Rd4 c3 29. Rc4 Rd8 30. Bd6 f6 31. Rxc3 fxe5 32. fxe5 Rc8 33. Rc5 a4 34. Rc4 Kf7 35. Rxa4 Ke6 36. Ra7 c5 37. Rc7 Rxc7 38. Bxc7 c4 39. Kf2 c3 40. Ke2 c2 41. Kd2 Kd7 42. Bd6 1-0

[Event "Collado Villalba op-B 32nd"]
[Site "Collado Villalba"]
[Date "2015.08.22"]
[Round "1"]
[White "Lancharro Delgado, Cristina"]
[Black "Calvo de Castro, Miguel"]
[Result "0-1"]
[WhiteElo "1461"]
[BlackElo "1725"]
[PlyCount "68"]
[EventDate "2015.08.22"]
[EventType "swiss"]
[EventRounds "9"]
[EventCountry "ESP"]
[SourceTitle "EXT 2016"]
[Source "ChessBase"]
[SourceDate "2015.10.08"]
[SourceVersion "1"]
[SourceVersionDate "2015.10.08"]
[SourceQuality "1"]

1. e4 e5 2. Nf3 Nc6 3. Bb5 Nge7 4. 0-0 g6 5. d4 exd4 6. Nxd4 Bg7 7. Nxc6 bxc6 8. Bd3 0-0 9. Re1 d6 10. c3 f5 11. Qb3+ Kh8 12. Bg5 f4 13. f3 h6 14. Bh4 g5 15. Bf2 Ng6 16. Nd2 Ne5 17. Be2 Bd7 18. Nc4 Be6 19. Qa4 c5 20. Nxe5 Bxe5 21. Bc4 Bxc4 22. Qxc4 Rb8 23. Rab1 Qd7 24. Red1 Qg7 25. Qe6 Rf6 26. Qg4 Qf7 27. a3 Rg8 28. h4 h5 29. Qh3 g4 30. fxg4 f3 31. g5 Rf4 32. Bg3 f2+ 33. Kf1 Qc4+ 34. Rd3 Qxd3# 0-1